000 01150cam a22003134a 4500
001 2868
005 20240119110124.0
020 _a9780194309295
040 _aDLC
_cDLC
_dBAKER
_dBTCTA
_dYDXCP
_dEYP
_dBDX
_dDLC
_beng
050 0 0 _aPE1128.S73437
_b 2005
082 0 0 _a428.6
100 1 _aStamper, Judith Bauer
245 1 0 _aMonster parade /
_cby Judith Bauer Stamper ; illustrated by Sally Springer ; series consultant: Joan Ross Keyes.
260 _aNew York :
_bOxford University Press,
_c2005
300 _a14 pages :
_bcolor illustrations ;
_c25 cm.
490 1 _aKids' readers
500 _a"High-beginning level"--Cover.
505 _aF
520 _aStories based on The Oxford Picture Dictionary for Kids enhance children's vocabulary and reading skills.
521 _a310
_bLexile
521 _aF
_bRaz-Plus
650 0 _aMonsters
_vJuvenile fiction.
650 0 _aParades
_vJuvenile fiction.
650 0 _aEnglish language
_vTextbooks for foreign speakers
_vJuvenile literature.
650 0 _aReaders (Primary)
700 1 _aSpringer, Sally
906 _a7
_bcbc
_corignew
_d1
_eocip
_f20
_gy-gencatlg
942 _2ddc
_cBK
_n0
999 _c2868
_d2868